UM Logo
Normal view MARC view
  • Education

Entry Topical Term

Number of records used in: 1

001 - CONTROL NUMBER

  • control field: 35002

003 - CONTROL NUMBER IDENTIFIER

  • control field: OSt

005 - DATE AND TIME OF LATEST TRANSACTION

  • control field: 20190124112805.0

008 - FIXED-LENGTH DATA ELEMENTS

  • fixed length control field: 190124|| aca||aabn | a|a d

040 ## - CATALOGING SOURCE

  • Original cataloging agency: OSt
  • Transcribing agency: OSt

150 ## - HEADING--TOPICAL TERM

  • Topical term or geographic name entry element: Education
  • Form subdivision: Filipino
  • General subdivision: Undergraduate thesis.

670 ## - SOURCE DATA FOUND

  • Source citation: Work cat.: (OSt): Samling, Ariane Dave L. 35001, Estilo ng pagtuturo sa bokabularyo at akademikong pagganap ng mga mag-aaral /, October 2018.